000 00648cam a2200217 4500500
005 20260329005349.0
041 _afre
042 _adc
100 1 0 _aLegros, Martin
_eauthor
245 0 0 _aNoam Chomsky, ChatGPT et la banalité du mal
260 _c2023.
500 _a1
690 _aBanalité du mal
690 _aChatGPT
690 _aIntelligence Artificielle
690 _aMartin Legros
690 _aNoam Chomsky
690 _aOutil
786 0 _nPhilosophie magazine | 169 | 5 | 2023-05-01 | p. 9-9 | 1951-1787
856 4 1 _uhttps://shs.cairn.info/magazine-philosophie-magazine-2023-5-page-9?lang=fr&redirect-ssocas=7080
999 _c1842685
_d1842685